000
00313nam a22001337a 4500
008
170331b xxu||||| |||| 00| 0 eng d
020
_a
9780071438339
041
_a
eng
080
_2
4ED
_a
617
100
_a
8
101
_a
SHM
245
_a
ORTHOPEDICS CURRENT DIAGNOSIS TREATMENT
_c
SKINNER.H.B
942
_2
udc
_c
BK
999
_c
9318
_d
9318